000
00311nam a22001457a 4500
082
_a
658.406 ARG
100
_a
Argyris charis
245
_a
On Organization of the future
250
_a
2rd
260
_b
Sage
_c
1973
300
_a
48.p
500
_a
650
_a
On Organization of the future
942
_c
BK
999
_c
16550
_d
16550